Tous les Héros de Deadlock - Statistiques

Statistiques générales
  • Ce quiz a été pris 20 fois
  • Le résultat moyen est 31 sur 38
Statistiques - réponses
Category Hero % Correct
Tank Abrams
100%
Assassin Drifter
100%
Support Dynamo
100%
Support Ivy
100%
Assassin Mina
100%
Assassin Pocket
100%
Support Rem
100%
Support The Doorman
100%
Carry Venator
100%
Tank Victor
100%
Carry Vyper
100%
Assassin Calico
88%
Support Celeste
88%
Carry Haze
88%
Assassin Shiv
88%
Support Sinclair
88%
Carry Vindicta
88%
Support Viscous
88%
Tank Warden
88%
Assassin Yamato
88%
Support Bebop
75%
Carry Holliday
75%
Support Kelvin
75%
Tank Mo & Krill
75%
Support Paradox
75%
Carry Seven
75%
Tank Silver
75%
Carry Wraith
75%
Assassin Apollo
63%
Support Graves
63%
Carry Grey Talon
63%
Carry Infernus
63%
Carry Lady Geist
63%
Assassin Lash
63%
Support McGinnis
63%
Carry Mirage
63%
Support Paige
63%
Tank Billy
50%
Aucun quiz correspondant
Distribution des résultats
% des personnes avec chaque résultat
Percentile par nombre de réponses
Votre historique - résultats
Vous n’avez pas pris ce quiz